| 000 | 00566nam a2200181 a 4500 | ||
|---|---|---|---|
| 001 | 22570 | ||
| 003 | CO-ViMGA | ||
| 008 | 141112s2004 ck r 000 u spa d | ||
| 040 |
_aCO-ViMGA _bspa _cCO-ViMGA |
||
| 082 | 0 | 4 | _aDAHa |
| 100 | 1 |
_aDahl, Roald _921034 |
|
| 245 | 1 | 0 | _aLa maravillosa medicina de jorge |
| 260 |
_aBogotá : _bAlfaguara, _c2002 |
||
| 300 | _a119 | ||
| 590 | _aForma de adquisición : Compra - - Precio : 19.900 - - Proveedor : Dismet - - Fecha de adquisición : 2008 | ||
| 650 | 1 | 4 |
_aNOVELAS INFANTILES DESDE HACE 10AÑOS _932088 |
| 942 |
_2ddc _cBK |
||
| 999 |
_c30871 _d30871 |
||